| 000 | 00793nam a22002057a 4500 | ||
|---|---|---|---|
| 999 |
_c15242 _d15242 |
||
| 003 | OSt | ||
| 082 | _2631.75807 HEM/IR | ||
| 088 | _aP 77 | ||
| 100 |
_aHEMA P. S _93804 |
||
| 245 | _aIrrigation automation based on soil electrical conductivity and leaf temperature | ||
| 260 |
_aTavanur 1998 _bDepartment of Land and Water Resources and Conservation Engineering |
||
| 300 | _a75 | ||
| 500 | _aIrrigation automation based on soil electrical conductivity and leaf temperature | ||
| 520 | _aIrrigation automation based on soil electrical conductivity and leaf temperature | ||
| 700 |
_aSaritha E. K _93805 |
||
| 700 |
_aShinoj Subramannian _93806 |
||
| 700 |
_aEr. Noble Abraham (Guide) _93807 |
||
| 856 | _uhttps://drive.google.com/open?id=111SQES5DTD-Wd_7ufGkEXxmJrxWka9By | ||
| 942 | _cPR | ||